000 00314 a2200121 4500
001 146443
040 _cEscola São Tomás de Aquino
100 _aCUNHA, Leo
240 1 0 _aManual de desculpas esfarrapadas
_lpor
245 1 0 _aManual de desculpas esfarrapadas
697 _a*LITERATURA INFANTO JUVENIL
942 _cBK
999 _c146443
_d146443